[Event "Let's Play Chess!"]
[Site "http://www.queenalice.com/game.php?id=127866"]
[Date "2006.11.11"]
[Round "-"]
[White "CampbellMarcel"]
[Black "javannanda"]
[Result "0-1"]
[WhiteElo "411"]
[BlackElo "1833"]

1. e4 e5 2. Nf3 Nc6 3. Bc4 Bc5 4. O-O Nf6 5. Ng5 O-O 6. Nc3 d6 7. Re1 Bg4 8. Be2
Bxe2 9. Rxe2 d5 10. d3 Qd7 11. h3 Rad8 12. exd5 Nxd5 13. Nce4 Bb6 14. Nxh7 Kxh7
15. Ng5+ Kg8 16. Re4 Qf5 17. Qe2 Nf4 18. Bxf4 exf4 19. Re1 Qxg5 20. Qf3 Nd4 21.
Qd1 Qb5 22. b3 Rde8 0-1

[Event "Let's Play Chess!"]
[Site "http://www.queenalice.com/game.php?id=127869"]
[Date "2006.11.11"]
[Round "-"]
[White "javannanda"]
[Black "CampbellMarcel"]
[Result "1-0"]
[WhiteElo "1833"]
[BlackElo "411"]

1. e4 e5 2. Nf3 d6 3. d4 b6 4. dxe5 Bg4 5. exd6 Bxf3 6. Qxf3 cxd6 7. Bc4 Qf6 8.
Bb5+ Nd7 9. Bxd7+ Kxd7 10. Qxf6 Nxf6 11. f3 Rc8 12. Nc3 a6 13. Bf4 Nh5 14. Be3
b5 15. O-O-O Rc6 16. Nd5 Be7 17. Nxe7 Kxe7 18. Rd2 Rhc8 19. Rhd1 1-0

[Event "Let's Play Chess!"]
[Site "http://www.queenalice.com/game.php?id=129857"]
[Date "2006.11.17"]
[Round "-"]
[White "javannanda"]
[Black "Knighty13"]
[Result "1-0"]
[WhiteElo "1500"]
[BlackElo "1765"]

1. e4 e5 2. Nf3 Nc6 3. Bb5 Bc5 4. c3 Nf6 5. O-O O-O 6. d4 exd4 7. cxd4 Bb6 8.
Nc3 d6 9. h3 Bd7 10. Bg5 h6 11. Bh4 Re8 12. Re1 g5 13. Bg3 Ba5 14. Bd3 Re7 15.
Rc1 Qe8 16. Qe2 a6 17. Bb1 Bb6 18. Qd3 Nh7 19. e5 dxe5 20. Qxh7+ Kf8 21. Qh8#
1-0

[Event "Let's Play Chess!"]
[Site "http://www.queenalice.com/game.php?id=129858"]
[Date "2006.11.16"]
[Round "-"]
[White "Altos"]
[Black "javannanda"]
[Result "0-1"]
[WhiteElo "1646"]
[BlackElo "1832"]

1. e4 e5 2. Nf3 Nc6 3. Bb5 Nf6 4. Bxc6 dxc6 5. Nc3 Bd6 6. O-O Bg4 7. h3 Bh5 8.
Qe2 O-O 9. Qe3 a6 10. d3 Qd7 11. b3 b6 12. Bb2 c5 13. Nd2 c6 14. Ne2 Bg6 15. Ng3
Qe7 16. Nc4 Bc7 17. Nf5 Qe6 18. Rfe1 Nd7 19. Ng3 b5 20. Nd2 Bb6 21. Qf3 f6 22.
Nf5 Ba7 23. Nf1 c4 24. dxc4 bxc4 25. Rad1 Bc5 26. bxc4 Nb6 27. Nd2 Nxc4 28. Nxc4
Qxc4 29. Qb3 Qxb3 30. axb3 a5 31. Rd7 Bxf5 32. exf5 Rfd8 33. Red1 Bd4 34. Rxd8+
Rxd8 35. Bxd4 exd4 36. Re1 Kf7 37. Re6 d3 38. cxd3 Rxd3 39. Rxc6 Rxb3 40. Rc7+
Kf8 41. Kh2 Rb8 42. g4 Ra8 43. Rc3 a4 44. Ra3 Ke7 45. f4 Ra6 46. Kg3 Kd6 47. g5
Ra7 48. g6 h6 49. Kf3 Kc5 50. Ke2 Kb4 0-1

[Event "Let's Play Chess!"]
[Site "http://www.queenalice.com/game.php?id=157615"]
[Date "2007.1.23"]
[Round "-"]
[White "javannanda"]
[Black "argelo"]
[Result "1/2-1/2"]
[WhiteElo "1833"]
[BlackElo "1826"]

1. e4 c6 2. d4 g6 3. Nf3 Bg7 4. Nc3 d6 5. Be2 Nf6 6. O-O O-O 7. Be3 b5 8. a3
Nbd7 9. Nd2 e5 10. dxe5 dxe5 11. Nb3 Qc7 12. Nc5 Rd8 13. Nxd7 Bxd7 14. Bd3 Be6
15. Qe2 Ng4 16. Bd2 Bh6 17. Bxh6 Nxh6 18. Qe3 Kg7 19. Rfd1 Qe7 20. Be2 Bg4 21.
Rxd8 Rxd8 22. Rd1 Rxd1+ 23. Nxd1 Bxe2 24. Qxe2 1/2-1/2

[Event "Let's Play Chess!"]
[Site "http://www.queenalice.com/game.php?id=157617"]
[Date "2007.1.23"]
[Round "-"]
[White "Bruno_de_Paula"]
[Black "javannanda"]
[Result "0-1"]
[WhiteElo "1654"]
[BlackElo "1862"]

1. e4 e5 2. f4 Qh4+ 3. g3 Qe7 4. d3 d5 5. Bg2 Nf6 6. Nf3 exf4 7. Bxf4 dxe4 8.
dxe4 Qxe4+ 9. Qe2 Qxe2+ 10. Kxe2 Nd5 11. Be3 Nxe3 12. Kxe3 Bc5+ 13. Ke2 Nc6 14.
Re1 O-O 15. Kf1 Bf5 16. c3 Rfe8 17. Nbd2 Kf8 18. a3 Rxe1+ 19. Rxe1 Re8 20. b4
Rxe1+ 21. Kxe1 Be7 22. Nb3 Bf6 23. Kd2 Nd8 24. Nfd4 Bxd4 25. Nxd4 Bd7 26. c4 c6
27. Be4 g6 28. Bf3 Ne6 29. Kd3 Ke7 30. h4 Nxd4 31. Kxd4 Kd6 32. c5+ Ke6 33. Bg4+
Ke7 34. Bxd7 Kxd7 35. Ke5 Ke7 36. g4 f6+ 37. Ke4 Ke6 38. Kf4 Kd5 39. g5 f5 0-1

[Event "Invitation"]
[Site "http://www.queenalice.com/game.php?id=336718"]
[Date "2008.1.15"]
[Round "-"]
[White "favazza2007"]
[Black "javannanda"]
[Result "0-1"]
[WhiteElo "1272"]
[BlackElo "1886"]

1. e4 e5 2. Nf3 d5 3. exd5 e4 4. Qe2 Nf6 5. Nc3 Be7 6. Nxe4 Nxd5 7. d4 O-O 8.
Bg5 Bxg5 9. Nfxg5 h6 10. Nf3 Re8 11. O-O-O f5 12. Nf6+ Nxf6 0-1

[Event "Challenge"]
[Site "http://www.queenalice.com/game.php?id=505302"]
[Date "2008.12.9"]
[Round "-"]
[White "favazza2007"]
[Black "javannanda"]
[Result "0-1"]
[WhiteElo "1272"]
[BlackElo "1886"]

1. e4 e6 2. Nf3 d5 3. exd5 exd5 4. Bb5+ c6 5. Ba4 Nf6 6. O-O Be7 7. d4 O-O 8.
Nc3 Bg4 9. Bf4 Qb6 10. h3 Bf5 11. Bb3 Nbd7 12. Re1 Rfe8 13. Ne5 Nf8 14. Na4 Qd8
15. Nc5 Bxc5 16. dxc5 Ng6 17. Nxg6 Bxg6 18. Rxe8+ Qxe8 19. Qe1 Ne4 20. Be3 Qe7
21. Rc1 Nxc5 0-1

[Event "Challenge"]
[Site "http://www.queenalice.com/game.php?id=791810"]
[Date "2010.6.18"]
[Round "-"]
[White "favazza2007"]
[Black "javannanda"]
[Result "0-1"]
[WhiteElo "1778"]
[BlackElo "1886"]

1. Nf3 d5 2. d4 Nf6 3. Nc3 g6 4. Bf4 Bg7 5. e3 O-O 6. Bd3 c6 7. O-O Bg4 8. h3
Bxf3 9. Qxf3 Nbd7 10. Rae1 Re8 11. e4 dxe4 12. Nxe4 Qb6 13. Nxf6+ Nxf6 14. c3
Qxb2 15. Bc4 Qa3 16. Bg5 Qd6 17. Bf4 Qd7 18. Bg5 Rac8 19. Re2 c5 20. Rd1 Qc7 21.
Bb5 Red8 22. Red2 cxd4 23. cxd4 Nd5 24. Ba4 Qc3 25. Rd3 Qc7 26. Bb3 Nf6 27. Rc1
Qd7 28. Rxc8 Rxc8 29. Rc3 Rxc3 30. Qxc3 Ne4 31. Qe3 Qxd4 32. Bxe7 Qxe3 33. fxe3
Bf8 34. Bxf8 Kxf8 35. Bd5 Nc5 36. Kf2 Ke7 37. Ke2 f6 38. Kd2 Kd6 39. Bf3 b5 40.
Kc3 a5 41. Kd4 Ne6+ 42. Kc3 Kc5 43. a3 g5 44. g3 Nc7 45. h4 Nd5+ 46. Bxd5 Kxd5
47. Kd3 b4 48. hxg5 fxg5 49. a4 h5 50. e4+ Ke5 51. Ke3 h4 0-1

[Event "Challenge"]
[Site "http://www.queenalice.com/game.php?id=939299"]
[Date "2011.5.17"]
[Round "-"]
[White "javannanda"]
[Black "favazza2007"]
[Result "1-0"]
[WhiteElo "1913"]
[BlackElo "1999"]

1. e4 e5 2. d4 exd4 3. Qxd4 Nc6 4. Qe3 b6 5. Nc3 Bc5 6. Qe2 Nge7 7. Bd2 O-O 8.
O-O-O Bb7 9. g4 Nd4 10. Qd3 Nec6 11. a3 Ne5 12. Qg3 Bd6 13. f4 Nec6 14. Nge2 Re8
15. Bg2 Nxe2+ 16. Nxe2 Nb8 17. Nc3 Na6 18. h4 Nc5 19. Rde1 f6 20. g5 fxg5 21.
hxg5 Ne6 22. Qh3 Nf8 23. f5 Re7 24. Bf1 Be5 25. Bc4+ d5 26. Nxd5 Bxd5 27. Bxd5+
Kh8 28. g6 c6 29. Qxh7+ Nxh7 30. Rxh7# 1-0

[Event "Challenge"]
[Site "http://www.queenalice.com/game.php?id=1019519"]
[Date "2012.1.29"]
[Round "-"]
[White "favazza2007"]
[Black "javannanda"]
[Result "1-0"]
[WhiteElo "1772"]
[BlackElo "1953"]

1. e4 e5 2. Bc4 Nf6 3. Nf3 Nxe4 4. O-O d5 5. d3 Nf6 6. Bb5+ c6 7. Ba4 Bd6 8. Bg5
O-O 9. c4 Nbd7 10. Nbd2 Qc7 11. cxd5 Nxd5 12. Ne4 Be7 13. Bxe7 Nxe7 14. Bb3 Ng6
15. Nfg5 h6 16. Nf3 Nb6 17. Re1 Bf5 18. Ng3 Bd7 19. Ne4 Rad8 20. Nfd2 Bc8 21.
Nc4 1-0

[Event "Challenge"]
[Site "http://www.queenalice.com/game.php?id=1452490"]
[Date "2016.11.29"]
[Round "-"]
[White "favazza2007"]
[Black "javannanda"]
[Result "1/2-1/2"]
[WhiteElo "2221"]
[BlackElo "1909"]

1. Nf3 Nf6 2. Nc3 d5 3. d4 g6 4. b3 Bg7 5. Bb2 O-O 6. e3 Nbd7 7. Be2 c6 8. O-O
Qc7 9. a4 e5 10. dxe5 Nxe5 11. Rb1 Nxf3+ 12. Bxf3 Bf5 13. Ne2 Rad8 14. Qc1 Bg4
15. Bxg4 Nxg4 16. Ng3 Nf6 17. Rd1 Rfe8 18. c4 Qe7 19. cxd5 Rxd5 20. Rxd5 Nxd5
21. Bxg7 Kxg7 22. Qb2+ Qe5 23. Qxe5+ Rxe5 24. h4 Nb4 25. e4 Kf8 26. f4 Rc5 27.
e5 Rd5 28. Ne2 Rd3 29. Kf2 Nd5 30. g3 Nc3 31. Nxc3 Rxc3 32. Kg2 Ke7 33. b4 Kd7
34. a5 Rd3 35. g4 Ke6 36. b5 Rd5 37. a6 b6 38. bxc6 Ke7 39. Kf3 Rc5 40. Ke4 Rxc6
41. h5 Rc5 42. hxg6 hxg6 43. Ra1 Kd7 44. Kd4 Kc6 45. f5 gxf5 46. gxf5 Kd7 47.
Rd1 Ra5 48. Ke4+ Ke7 49. f6+ Ke8 50. Rc1 Kd7 51. Rd1+ Ke8 52. Rc1 Kd7 53. Rd1+
Ke8 54. Rh1 Kd7 55. Kf5 Ra2 56. Rd1+ Ke8 57. Rd4 Rf2+ 58. Ke4 Re2+ 59. Kd5 Kd7
60. Kc4+ Kc7 61. Kd5 Kd7 62. Rd3 Re1 63. Rd2 Re3 64. Rd4 Re1 65. Rd3 Re2 66. Rd4
1/2-1/2

[Event "Challenge"]
[Site "http://www.queenalice.com/game.php?id=1476464"]
[Date "2017.5.3"]
[Round "-"]
[White "javannanda"]
[Black "favazza2007"]
[Result "1-0"]
[WhiteElo "1931"]
[BlackElo "2140"]

1. e4 e6 2. d4 d6 3. Nf3 Be7 4. Bd3 Nf6 5. O-O O-O 6. Nbd2 b6 7. Re1 Bb7 8. Nf1
Nbd7 9. Ng3 c5 10. c3 a5 11. h3 Ba6 12. Be3 c4 13. Bb1 b5 14. Qc2 e5 15. Nf5 Bb7
16. Nxe7+ Qxe7 17. Bg5 h6 18. Bh4 Qe8 19. Nd2 Nh7 20. Bg3 f6 21. b3 cxb3 22.
Qxb3+ Rf7 23. Qxb5 Ndf8 24. Qxe8 Rxe8 25. Bd3 a4 26. Bc4 Ne6 27. dxe5 dxe5 28.
Rab1 Rfe7 29. Rb6 Bc8 30. Rb4 Bd7 31. f3 Kf8 32. Bf2 Rc8 33. Reb1 Nhg5 34. Rb8
Ree8 35. Rxc8 Rxc8 36. Ba7 Ke7 37. Kf2 Rc7 38. Be3 Nf7 39. Rc1 Nd6 40. Bf1 g5
41. c4 Nc5 42. Bxc5 Rxc5 43. Ke3 Be6 44. Kd3 Nb5 45. Rb1 Nd4 46. Rb7+ Bd7 47.
Nb1 Ra5 48. Nc3 Ke6 49. Nd5 f5 50. exf5+ Nxf5 51. Rb6+ Nd6 52. Be2 Rc5 53. Ne3
Rc6 54. Rxc6 Bxc6 55. c5 Nb7 56. Kc4 e4 57. Nd1 exf3 58. Bxf3 Nd8 59. Bxc6 Nxc6
60. Nc3 a3 61. Nb5 Ne5+ 62. Kd4 Nc6+ 63. Ke4 Nb4 64. Nxa3 Nxa2 65. Nb5 Nb4 66.
Nc7+ Kd7 67. Nd5 Na6 68. Kd4 Kc6 69. Ne7+ Kd7 70. Ng8 Kc6 71. Nxh6 Nxc5 72. g3
Ne6+ 73. Ke5 Kd7 74. Kf5 Ke7 75. Ng8+ Kf7 76. Nf6 Ke7 77. Ne4 Ng7+ 78. Kxg5 Kf7
79. g4 Ne6+ 80. Kh4 Kg6 81. Kg3 Kh6 82. h4 Kg6 83. g5 Kh5 84. Nf6+ Kg6 85. Kg4
Ng7 86. h5+ Kf7 87. Ne4 Kg8 88. g6 Ne6 89. h6 Nd4 90. Nf6+ Kf8 91. g7+ Kf7 92.
g8=Q+ Kxf6 93. Qg7+ 1-0

[Event "Challenge"]
[Site "http://www.queenalice.com/game.php?id=1509507"]
[Date "2017.12.26"]
[Round "-"]
[White "favazza2007"]
[Black "javannanda"]
[Result "1-0"]
[WhiteElo "2109"]
[BlackElo "1971"]

1. d4 Nf6 2. c4 e6 3. Nf3 d5 4. e3 c6 5. c5 b6 6. b4 Ba6 7. Be2 Bxe2 8. Qxe2 b5
9. Nbd2 Nbd7 10. O-O Be7 11. e4 dxe4 12. Nxe4 Qc7 13. Bb2 O-O 14. Nxf6+ Nxf6 15.
Ne5 Nd5 16. a3 Bf6 17. Qf3 a5 18. Bc3 axb4 19. axb4 Qb7 20. Ra5 Rxa5 21. bxa5
Nxc3 22. Qxc3 Ra8 23. Qb4 Ra6 24. f4 Qa8 25. Ra1 Bd8 26. Qb1 f6 27. Qb3 fxe5 28.
Qxe6+ Kh8 29. Qe8# 1-0

[Event "Challenge"]
[Site "http://www.queenalice.com/game.php?id=1511797"]
[Date "2018.1.14"]
[Round "-"]
[White "javannanda"]
[Black "favazza2007"]
[Result "1-0"]
[WhiteElo "1955"]
[BlackElo "2119"]

1. e4 e5 2. Nf3 Nf6 3. Nxe5 Qe7 4. d4 Nxe4 5. Be2 d6 6. Nf3 Bg4 7. O-O Nd7 8.
Re1 O-O-O 9. c4 h5 10. Nc3 Nxc3 11. bxc3 f6 12. Ba3 Qf7 13. Qb3 Nb6 14. Nd2 Qd7
15. Rab1 Bxe2 16. Rxe2 Qa4 17. Rbe1 Qxb3 18. axb3 g5 19. Re6 Bg7 20. Re7 Rd7 21.
Nf1 Kd8 22. Rxd7+ Kxd7 23. Ng3 Nc8 24. Nf5 Bf8 25. d5 Ne7 26. Nd4 Bg7 27. Ne6
Bh6 28. Bc1 Ng6 29. Kf1 Nf8 30. f4 Nxe6 31. dxe6+ Ke7 32. f5 g4 33. Bxh6 Rxh6
34. Re4 Rh7 35. Kf2 Rg7 36. Kg3 c5 37. b4 b6 38. Kf4 a5 39. Re2 axb4 40. cxb4
Kd8 41. bxc5 bxc5 42. Rd2 Kc7 43. Ra2 Kb7 44. Ke4 g3 45. h3 Rg8 46. Ra3 h4 47.
Rf3 Kc6 48. Rf4 Rh8 49. Rg4 Rh6 50. Rg6 Rh7 51. Rxf6 d5+ 52. cxd5+ Kd6 53. Rf8
c4 54. Rc8 Rc7 55. Rxc7 Kxc7 56. Kd4 Kd6 57. Kxc4 1-0

[Event "Challenge"]
[Site "http://www.queenalice.com/game.php?id=1521019"]
[Date "2018.3.24"]
[Round "-"]
[White "favazza2007"]
[Black "javannanda"]
[Result "0-1"]
[WhiteElo "2103"]
[BlackElo "1988"]

1. Nf3 Nf6 2. Nc3 d5 3. d4 Bf5 4. e3 Nbd7 5. Be2 g6 6. O-O Bg7 7. Rb1 O-O 8. b3
c5 9. Bb2 a6 10. dxc5 Nxc5 11. Nd4 Bd7 12. a4 Qc7 13. Na2 Rfd8 14. Nb4 Be8 15.
Nd3 Nce4 16. Qe1 Rac8 17. f3 Nc3 18. Bxc3 Qxc3 19. Bd1 Qc7 20. Rc1 Bd7 21. c4
dxc4 22. Rxc4 Qb6 23. Qb4 Qxb4 24. Nxb4 Rxc4 25. bxc4 Rc8 26. Bb3 e5 27. Ne2
Bxa4 28. Bxa4 Rxc4 29. Rb1 a5 30. Nd3 Rxa4 31. Rxb7 Ne8 32. Nc5 Ra1+ 33. Kf2 Bf8
34. Nd7 Bd6 35. Nc3 f6 36. Ne4 Be7 37. Rb8 Kf7 38. Nb6 Rb1 39. Nd7 Rxb8 40. Nxb8
f5 41. Nc3 Bb4 42. Na4 Ke6 43. Nc6 Kd5 44. Nxb4+ axb4 45. Ke2 Kc6 46. Kd3 Kb5
47. Nb2 Nf6 48. Kc2 e4 49. Nd1 Kc4 50. Nb2+ Kb5 51. Kb3 Nd7 52. fxe4 Nc5+ 53.
Kc2 Nxe4 54. Kb3 Nd2+ 55. Kc2 Nf1 56. Kb3 Nxe3 57. Nd3 Nd5 58. g3 g5 59. h3 f4
60. gxf4 gxf4 61. h4 h5 62. Ne5 Kc5 63. Nd3+ Kd4 64. Ne1 Ke4 65. Kc4 f3 0-1

[Event "Challenge"]
[Site "http://www.queenalice.com/game.php?id=1533734"]
[Date "2018.7.6"]
[Round "-"]
[White "javannanda"]
[Black "favazza2007"]
[Result "1-0"]
[WhiteElo "2017"]
[BlackElo "2104"]

1. d4 e6 2. c4 Nf6 3. Nc3 Be7 4. e4 d6 5. f3 O-O 6. Be3 b6 7. Qd2 Bb7 8. O-O-O
Nbd7 9. g4 Ne8 10. g5 g6 11. h4 Ng7 12. Nh3 Nh5 13. Nf4 Ng3 14. Rh3 Nxf1 15.
Rxf1 Re8 16. Nd3 f6 17. f4 f5 18. exf5 exf5 19. h5 Kg7 20. Qh2 Rh8 21. d5 a6 22.
Bd4+ Nf6 23. hxg6 Kxg6 24. gxf6 h5 25. Rg1+ Kf7 26. Rg7+ Ke8 27. Re3 1-0

[Event "Challenge"]
[Site "http://www.queenalice.com/game.php?id=1540236"]
[Date "2018.8.26"]
[Round "-"]
[White "favazza2007"]
[Black "javannanda"]
[Result "0-1"]
[WhiteElo "2093"]
[BlackElo "2042"]

1. Nf3 Nf6 2. g3 d5 3. Bg2 c5 4. O-O g6 5. d3 Bg7 6. c3 O-O 7. Nbd2 Nc6 8. Nb3
b6 9. Bd2 Bb7 10. Ne1 Qd7 11. d4 c4 12. Nc1 b5 13. Bf4 a5 14. f3 b4 15. cxb4
axb4 16. Rb1 Ne8 17. b3 cxb3 18. Nxb3 Rxa2 19. Nc5 Qc8 20. Nxb7 Qxb7 21. Be3 Nc7
22. Rf2 Nb5 23. Qb3 Ra3 24. Qxd5 Rxe3 25. Rxb4 Rb8 26. f4 Nxb4 27. Qxb7 Rxb7 28.
Bxb7 Bxd4 29. Kf1 Ra3 30. Rg2 Ra1 31. e3 Nd3 32. Re2 Bc3 33. Ba6 Nxf4 34. Bxb5
Nxe2 35. Kxe2 Rxe1+ 36. Kd3 Be5 0-1

[Event "Challenge"]
[Site "http://www.queenalice.com/game.php?id=1551427"]
[Date "2018.12.2"]
[Round "-"]
[White "javannanda"]
[Black "favazza2007"]
[Result "1/2-1/2"]
[WhiteElo "2065"]
[BlackElo "2106"]

1. e4 e6 2. d4 d5 3. Nd2 dxe4 4. Nxe4 Nf6 5. Nxf6+ Qxf6 6. Nf3 Bd6 7. Bg5 Qg6 8.
Bd3 f5 9. O-O O-O 10. Qd2 h6 11. Bf4 Nc6 12. c4 b6 13. Rfe1 Bb7 14. Bf1 Bb4 15.
Qe2 Bxe1 16. Rxe1 Rae8 17. Bxc7 Rf7 18. Bf4 Qg4 19. Be3 Nb4 20. Ne5 Qxe2 21.
Rxe2 Rf6 22. a3 Nc6 23. Nxc6 Bxc6 24. Bf4 g5 25. Be5 Rg6 26. f4 Be4 27. g3 Bd3
28. Rd2 Bxf1 29. Kxf1 Kf7 30. b4 Rgg8 31. c5 Rc8 32. Rc2 h5 33. c6 gxf4 34. Bxf4
Rg7 35. c7 Ke8 36. Be5 Rd7 37. Kg2 Kf7 38. Kf3 Kg6 39. Rc6 Re7 40. a4 Kf7 41. a5
bxa5 42. bxa5 Ree8 43. Kf4 Rg8 44. Ke3 Ke7 45. Kd3 Kd7 46. Rc2 Ra8 47. Rb2 Rgc8
48. Rb8 a6 49. Ke3 Ra7 50. Rb6 Raa8 51. Kf4 Rg8 52. Rd6+ Ke7 53. Rb6 Rg4+ 54.
Kf3 Rgg8 55. Kf4 Rg4+ 56. Kf3 Rgg8 57. Kf4 1/2-1/2

[Event "Challenge"]
[Site "http://www.queenalice.com/game.php?id=1567357"]
[Date "2019.4.12"]
[Round "-"]
[White "favazza2007"]
[Black "javannanda"]
[Result "0-1"]
[WhiteElo "2108"]
[BlackElo "2067"]

1. Nf3 Nf6 2. Nc3 d5 3. d4 e6 4. e3 c5 5. Bb5+ Bd7 6. O-O Bxb5 7. Nxb5 Be7 8.
dxc5 Bxc5 9. c3 O-O 10. b4 Be7 11. a4 Nc6 12. Nbd4 Rc8 13. Bb2 Qc7 14. Qd3 a6
15. b5 axb5 16. axb5 Na5 17. Rac1 Nc4 18. Qc2 Nxb2 19. Qxb2 Ra8 20. Ra1 Rxa1 21.
Rxa1 Rc8 22. Ne2 Ne4 23. Rc1 Nd6 24. Nfd4 Nc4 25. Qb1 Ba3 26. Rc2 Bd6 27. Ra2
Bxh2+ 28. Kh1 Bd6 29. Nf3 Qe7 30. g3 Nb6 31. Kg2 Ra8 32. Qa1 Rxa2 33. Qxa2 Ba3
34. Ned4 Nc4 35. Nd2 Nxd2 36. Qxd2 h6 37. Qa2 Bc5 38. Qa8+ Kh7 39. Qb8 Bb6 40.
Qe5 Qc7 41. Nf3 Qxe5 42. Nxe5 Kg8 43. Kf3 Ba5 44. c4 f6 45. Nd7 dxc4 46. Ke4 e5
47. Nc5 b6 48. Na4 Kf7 49. Nb2 c3 50. Nd3 c2 51. Nc1 Bd2 52. Kd3 Bxc1 53. Kxc2
Ba3 54. Kd3 Ke6 0-1